000 00800cam a2200229 a 4500
001 12262016
005 20250820122338.0
008 001219s2002 caua b 001 0 eng
020 _a076742011X
050 0 0 _aBD21
_b.M66 2002
082 0 0 _a100
_221
100 1 _aMoore, Brooke Noel.
245 1 0 _aPhilosophy :
_bthe power of ideas /
_cBrooke Noel Moore, Kenneth Bruder.
250 _a5th ed.
260 _aBoston :
_bMcGraw Hill Higher Education,
_cc2002.
300 _axxiii, 563 p. :
_bill. ;
_c24 cm.
650 0 _aPhilosophy
_vTextbooks.
700 1 _aBruder, Kenneth.
856 4 2 _3Publisher description
_uhttp://www.loc.gov/catdir/enhancements/fy0702/00054811-d.html
856 4 1 _3Table of contents only
_uhttp://www.loc.gov/catdir/enhancements/fy0702/00054811-t.html
942 _2lcc
_cBK
_n0
999 _c7302
_d7302